Nhựa tổng hợp Composite

Bewaard in:
Bibliografische gegevens
Formaat: Boek
Taal:Undetermined
Gepubliceerd in: Thành phố Hồ Chí Minh Trẻ 2002
Onderwerpen:
Tags: Voeg label toe
Geen labels, Wees de eerste die dit record labelt!
Thư viện lưu trữ: Trung tâm Học liệu Trường Đại học Cần Thơ
LEADER 00521nam a2200181Ia 4500
001 CTU_75965
008 210402s9999 xx 000 0 und d
020 |b 37000 
082 |a 620.118 
082 |b Nh551 
245 0 |a Nhựa tổng hợp Composite 
245 0 |c Biên dịch Nguyễn Phước Hậu 
260 |a Thành phố Hồ Chí Minh 
260 |b Trẻ 
260 |c 2002 
650 |a Composite materials 
904 |i Minh,Hải 
980 |a Trung tâm Học liệu Trường Đại học Cần Thơ